01939cam a2200541 i 45000010005000000030019000050050017000240080041000410100017000820200018000990200015001170200018001320350024001500400082001740420020002560500023002760820017002991000017003162450043003332600033003763000057004093360021004663360028004873370025005153380023005404900018005635000017005815000098005985050007006965200095007035210022007985210018008206500017008386500038008556500022008936500017009156500023009326500027009556500017009826500042009996500056010416500056010977000030011539060045011839420015012289990015012439520139012583259FISKH978144729569320240222112819.0171011s2016 caua a 000 0 eng d a 2017295236 a9781626869004 a1626869006 a9781447295693 a(OCoLC)ocn957507754 aBTCTAbengcBTCTAerdadBDXdSINLBdOCLCOdOCLCFdNZAUCdOCLCOdOCLdIGAdDLC alccopycatalcac00aPZ8.3b.R1766 201600a398.2aE223 aTaylor, Dan 00aRapunzel /cillustrated by Dan Taylor. aLondon : bMacmillan, c2016 a10 unnumbered pages :bcolor illustrations ;c18 cm. atext2rdacontent astill image2rdacontent aunmediated2rdamedia avolume2rdacarrier0 aFirst stories aCover title. a"Push, pull, and slide the scenes to bring the classic tale of Rapunzel to life"--Back cover. aN  aRetells, in rhyming text, the story of a girl with long hair who is imprisoned by a witch.8 a580 bLexile AD 8 aN bRaz-Plus  0aBoard books. 0aToy and movable booksvSpecimens. 1aStories in rhyme. 1aFairy tales. 1aFolklorezGermany. 1aToy and movable books. 1aBoard books. 7aJUVENILE FICTION / Classics.2bisacsh 7aJUVENILE FICTION / Fairy Tales & Folklore.2bisacsh 7aJUVENILE FICTION / Interactive Adventures.2bisacsh1 aTaylor, Daneillustrator. a7bcbcccopycatd2encipf20gy-gencatlg 2ddccBKn0 c3259d3259 01102ddc41708JUVFa001b001cTK Yellowd2024-02-22l1oTAY 398.2 PZ8.3p2024-0097r2024-12-20 09:04:39s2024-09-13w2024-02-22yBK